000 00694nab a2200181 4500
001 244442
003 OSt
005 20231120132703.0
007 tu
008 200917s2020|||||||
040 _aDE-2950
_cDE-2950
245 0 0 _aUmstrittener Historiker darf auftreten
_bMessehalle. Daniele Ganser verbreitet Verschwörungstheorien, jetzt will er in Frankfurt auftreten. Kulturdezernentin Milena Manns hält die Entscheidung, den Auftritt zuzulassen, für schmerzhaft, aber wichtig/
_cHeinz Kannenberg
264 _c2023
653 _aFrankfurt (Oder)
653 _aDaniele Ganser
773 0 _g34. Jahrgang (2023) Nr. 269 vom 18.11.2023, S. 17, mit Foto;
_tMärkische Oderzeitung
942 _2z
_cA
999 _c372837
_d372837